000 01547nam0a2200361 4500
001 RU\NLR\bibl\1837023
005 20260406095245.0
010 _a978-5-346-01882-7
_910000
021 _aRU
_b2011-85404
_96086
035 _a(nilc)RSL-KNO-005068277
035 _a(NLR Aleph) 001827504
090 _a2091765
_c2091765
100 _a20111031d2012 |||y0rusy50 ca
101 0 _arus
102 _aRU
105 _aa |||||||||
200 1 _aФизика
_e11 класс
_eучебник для общеобразовательных учреждений (базовый уровень)
_fС. А. Тихомирова, Б. М. Яворский
205 _a5-е изд., стер.
210 _aМосква
_cМнемозина
_d2012 [т.е. 2011]
215 _a270, [1] с.
_cил., цв. ил., портр., табл.
_d22
300 _aФактическая дата выхода в свет : 2011 г.
606 1 _aФизика
_jУчебники для средней школы
_9898198
_3RU\NLR\auth\665898
686 _aВ3я721-1
_2rubbk
686 _aВ3я721-1
700 1 _4070
_8rus
_7ca
_aТихомирова
_bС.А.
_cканд. пед. наук
_gСветлана Анатольевна
_3RU\NLR\auth\7714361
_9124034
701 1 _4070
_8rus
_7ca
_aЯворский
_bБ. М.
_f1915-1996
_gБорис Михайлович
_3RU\NLR\auth\7771504
_954432
801 0 _aRU
_bRuMoRKP
_c20111031
_grcr
801 1 _aRU
_bРГБ
_c20111031
801 2 _aRU
_bNLR
_c20111121
_grcr
942 _cBOOK
980 _aNB
980 _aNBR